000 00383nam a2200169Ia 4500
008 170705s9999 xx 000 0 und d
020 _a9780142426500
245 _aTrue legend /
245 _cMike Lupica.
260 _aLondon :
260 _bPuffin Books,
260 _c2012
300 _a292 pages :
300 _bcolor illustration ;
300 _c21cm.
500 _a850
999 _c336417
_d336417